[Event "SG Niederkassel 1 - Herforder SV Königs"]
[Site "NRW-Klasse, Gruppe 2 2015/201"]
[Date "2015.10.25"]
[Round "2.4"]
[White "Rybarczyk, Klaus"]
[Black "Quelle, Helmut"]
[Result "1-0"]
[WhiteElo "2165"]
[BlackElo "2098"]
[PlyCount "81"]
[EventDate "2015.??.??"]
[WhiteTeam "SG Niederkassel 1"]
[BlackTeam "Herforder SV Königsspringer 1"]

1. Nf3 Nf6 2. c4 g6 3. Nc3 Bg7 4. d4 O-O 5. Bg5 h6 6. Bh4 d6 7. e3 Nbd7 8. Be2
e5 9. Qc2 exd4 10. Nxd4 a6 11. O-O Nc5 12. Rfd1 Qe8 13. Nd5 Nxd5 14. cxd5 Bd7
15. Rac1 Rc8 16. Qb1 a5 17. Bd3 Nxd3 18. Qxd3 c5 19. dxc6 bxc6 20. Qa3 c5 21.
Ne2 Qe4 22. Bg3 Qb4 23. Bxd6 Bxb2 24. Qxb4 cxb4 25. Bxf8 Bxc1 26. Bxh6 Ba3 27.
Rxd7 Rc2 28. Kf1 Rxa2 29. g4 Ra1+ 30. Kg2 b3 31. Nc3 Bb2 32. Ne4 Bg7 33. Bxg7
Kxg7 34. Rb7 a4 35. g5 Rc1 36. Rb8 f5 37. gxf6+ Kf7 38. Rb7+ Ke6 39. f7 Rc8 40.
Nc5+ Kd5 41. Nxa4 1-0

[Event "SG Niederkassel 1 - Herforder SV Königs"]
[Site "NRW-Klasse, Gruppe 2 2015/201"]
[Date "2015.10.25"]
[Round "2.6"]
[White "Schracke, Guido"]
[Black "Loemker, Michael"]
[Result "1/2-1/2"]
[WhiteElo "2072"]
[BlackElo "2052"]
[PlyCount "45"]
[EventDate "2015.??.??"]
[WhiteTeam "SG Niederkassel 1"]
[BlackTeam "Herforder SV Königsspringer 1"]

1. e4 g6 2. d4 Bg7 3. Nc3 d6 4. Be2 c6 5. Be3 Nf6 6. g4 Qa5 7. f3 e5 8. a3 Nbd7
9. Kf1 h5 10. dxe5 dxe5 11. g5 Nh7 12. h4 O-O 13. Nh3 Re8 14. Nf2 Nhf8 15. Bc4
Qc7 16. Nd3 Nb6 17. Ba2 Be6 18. b3 Nfd7 19. Ne2 Bf8 20. Qc1 Rad8 21. Bb1 c5 22.
c4 Nc8 23. Nc3 1/2-1/2

[Event "SG Niederkassel 1 - Herforder SV Königs"]
[Site "NRW-Klasse, Gruppe 2 2015/201"]
[Date "2015.10.25"]
[Round "2.8"]
[White "Groß, Werner"]
[Black "Klemme, Thomas"]
[Result "1/2-1/2"]
[WhiteElo "2080"]
[BlackElo "1896"]
[Annotator "Hausrath,Daniel"]
[PlyCount "82"]
[EventDate "2015.??.??"]
[WhiteTeam "SG Niederkassel 1"]
[BlackTeam "Herforder SV Königsspringer 1"]

1. c4 Nf6 2. Nc3 d5 3. cxd5 Nxd5 4. g3 g6 5. Bg2 c6 6. Nf3 Bg7 7. O-O O-O 8. d4
Nd7 9. e4 Nc7 10. Be3 Nb6 11. Qe2 Be6 12. Rfd1 Qc8 13. Rac1 Rd8 14. Ng5 Bg4 15.
f3 Bd7 16. f4 h6 17. Nf3 Bg4 18. b3 Qe6 19. Qf1 f5 20. e5 Ncd5 21. Nxd5 Nxd5
$11 22. Bd2 Qd7 23. h3 Bxf3 24. Bxf3 e6 25. Kh2 Bf8 26. Qg2 Kh7 27. Rg1 Qf7 28.
g4 Be7 29. gxf5 exf5 30. Qf2 Rd7 31. Qe2 Qe6 32. Rg2 Bh4 33. Qc4 Rg8 34. Rd1
Bd8 35. Qc2 Bb6 36. Bc1 Ne7 37. Be3 Rgd8 38. Qf2 Nd5 39. Bd2 Ne7 40. Be3 Nd5
41. Bd2 Ne7 1/2-1/2

[Event "Ratinger SK 1 - SF Neuenkirchen 1"]
[Site "NRW-Klasse, Gruppe 2 2015/201"]
[Date "2015.10.25"]
[Round "2.1"]
[White "Griebl, Joern"]
[Black "Preuschoff, Michael"]
[Result "0-1"]
[WhiteElo "2213"]
[BlackElo "2142"]
[Annotator "Hausrath,Daniel"]
[PlyCount "52"]
[EventDate "2015.??.??"]
[WhiteTeam "SF Neuenkirchen 1"]
[BlackTeam "Ratinger SK 1"]

1. d4 Nf6 2. c4 e6 3. Nf3 Bb4+ 4. Bd2 a5 5. Nc3 O-O 6. Qc2 d5 7. Bg5 h6 8. Bh4
g5 9. Bg3 Ne4 10. e3 a4 11. Bd3 a3 12. Bxe4 dxe4 13. Nd2 c5 14. bxa3 Rxa3 15.
Ncxe4 cxd4 16. Bxb8 dxe3 17. fxe3 Rxe3+ 18. Kf2 Rd3 19. Ke2 Rd7 20. Be5 f5 21.
Nc3 Qa5 22. Nf3 g4 23. Rhe1 Rfd8 24. Rac1 gxf3+ 25. Kxf3 Rd2 26. Qb3 R8d3+ {
Rest unleserlich!} 0-1

[Event "Ratinger SK 1 - SF Neuenkirchen 1"]
[Site "NRW-Klasse, Gruppe 2 2015/201"]
[Date "2015.10.25"]
[Round "2.2"]
[White "Welzel, Philipp"]
[Black "Beckmann, Klaus"]
[Result "1/2-1/2"]
[WhiteElo "2129"]
[BlackElo "2209"]
[Annotator "Hausrath,Daniel"]
[PlyCount "127"]
[EventDate "2015.??.??"]
[WhiteTeam "Ratinger SK 1"]
[BlackTeam "SF Neuenkirchen 1"]

1. d4 e6 2. c4 Bb4+ 3. Bd2 Qe7 4. Nf3 Nf6 5. g3 O-O 6. Bg2 d5 7. O-O Bxd2 8.
Qxd2 Rd8 9. Rc1 Nc6 10. Qc2 dxc4 11. Qxc4 e5 12. dxe5 Nxe5 13. Nxe5 Qxe5 14.
Nc3 c6 15. Rd1 Be6 16. Qb4 Qc7 17. Rac1 h6 18. h3 Qb6 19. Qa3 $11 Rab8 20. e3
Bf5 21. e4 Be6 22. b3 Rxd1+ 23. Rxd1 Rd8 24. Rxd8+ Qxd8 25. Qxa7 Qd2 26. Qe3
Qxe3 27. fxe3 Nd7 28. Kf2 Kf8 29. Nd1 Ke7 30. Nb2 Ne5 31. Ke2 g5 32. Nd3 Kd6
33. Nxe5 $11 Kxe5 34. g4 c5 35. Kd3 b5 36. Kc3 b4+ 37. Kd3 f6 38. Kc2 Bd7 39.
Kd3 Bb5+ 40. Kc2 Ba6 41. Kd2 c4 42. Kc2 Kd6 43. Kb2 c3+ 44. Kc2 Be2 45. a4 h5
46. gxh5 Bxh5 47. e5+ fxe5 48. Be4 Bf7 49. Bf5 Kc5 50. Bg4 Bg6+ 51. Kc1 Bd3 52.
Be6 Kd6 53. Bc8 Be4 54. Bg4 Bb7 55. Kc2 Kc5 56. Kc1 Bg2 57. Bc8 Bf1 58. Kc2 Kc6
59. Kc1 Be2 60. Kc2 Bh5 61. Kc1 Kc7 62. Bf5 Bf3 63. Kc2 Kc6 64. Bc8 1/2-1/2

[Event "Ratinger SK 1 - SF Neuenkirchen 1"]
[Site "NRW-Klasse, Gruppe 2 2015/201"]
[Date "2015.10.25"]
[Round "2.3"]
[White "Rieke, Theo"]
[Black "Dinescu, Adrian"]
[Result "1/2-1/2"]
[WhiteElo "2015"]
[BlackElo "2220"]
[PlyCount "72"]
[EventDate "2015.??.??"]
[WhiteTeam "SF Neuenkirchen 1"]
[BlackTeam "Ratinger SK 1"]

1. Nf3 e6 2. g3 d5 3. Bg2 c5 4. O-O Nf6 5. d3 Nc6 6. Nbd2 Be7 7. e4 O-O 8. e5
Ne8 9. Re1 b5 10. Nf1 b4 11. h4 f5 12. exf6 Bxf6 13. Ne3 Nd4 14. Ng4 Nxf3+ 15.
Bxf3 Bd4 16. Rb1 Nd6 17. Be3 Nf5 18. Bxd4 Nxd4 19. Bg2 Rb8 20. Ne5 Qa5 21. Ra1
Qc7 22. c3 bxc3 23. bxc3 Nb5 24. Qd2 d4 25. cxd4 Nxd4 26. Rac1 Bb7 27. Qc3 Rbc8
28. Rb1 Bxg2 29. Kxg2 Rf5 30. f4 Qd8 31. Re4 Rb8 32. Rxb8 Qxb8 33. Qxc5 Qb2+
34. Kh3 Qb1 35. g4 Qh1+ 36. Kg3 Qg1+ 1/2-1/2

[Event "Ratinger SK 1 - SF Neuenkirchen 1"]
[Site "NRW-Klasse, Gruppe 2 2015/201"]
[Date "2015.10.25"]
[Round "2.4"]
[White "Springer, Ralf"]
[Black "Buendgen, Achim"]
[Result "1/2-1/2"]
[WhiteElo "2126"]
[BlackElo "2137"]
[PlyCount "138"]
[EventDate "2015.??.??"]
[WhiteTeam "Ratinger SK 1"]
[BlackTeam "SF Neuenkirchen 1"]

1. d4 Nf6 2. Nf3 c5 3. d5 e6 4. c4 exd5 5. cxd5 d6 6. Nc3 g6 7. g3 Bg7 8. Bg2
O-O 9. O-O Re8 10. Nd2 Nbd7 11. Nc4 Ne5 12. Nxe5 Rxe5 13. Bf4 Re8 14. h3 a6 15.
a4 Nh5 16. Bd2 f5 17. e3 Nf6 18. Rb1 Rb8 19. b4 cxb4 20. Rxb4 Nd7 21. Ne2 Nc5
22. Nd4 Bd7 23. a5 Qxa5 24. Rxb7 Qd8 25. Nc6 Bxc6 26. Rxg7+ Kxg7 27. Bc3+ Kf8
28. Qd4 Re5 29. dxc6 Ne6 30. Qa7 Nc7 31. Bxe5 dxe5 32. Qc5+ Qe7 33. Qa7 Qd8 34.
Qc5+ Qe7 35. Qc2 Rd8 36. Rb1 Nb5 37. Ra1 Nc7 38. Bf1 Qd6 39. Be2 Qd2 40. Qc5+
Qd6 41. Qc4 Ke7 42. Qh4+ Qf6 43. Qb4+ Qd6 44. Qb7 Kf6 45. Rd1 Qe7 46. Rxd8 Qxd8
47. Bxa6 g5 48. Bc4 h6 49. Qb3 Ne8 50. Bf7 Nc7 51. Bh5 Ne6 52. Qb2 f4 53. Qc2
fxe3 54. Qg6+ Ke7 55. Qf7+ Kd6 56. fxe3 Qc7 57. Qg6 Qxc6 58. Bg4 Qc1+ 59. Kf2
Qd2+ 60. Be2 Qb2 61. Qxh6 e4 62. Qg6 Qe5 63. Qh6 Ke7 64. Qh7+ Ng7 65. Qg8 Ne6
66. Qa8 Nc5 67. Qa7+ Kf6 68. Qb6+ Kg7 69. Qa7+ Kf6 1/2-1/2

[Event "Ratinger SK 1 - SF Neuenkirchen 1"]
[Site "NRW-Klasse, Gruppe 2 2015/201"]
[Date "2015.10.25"]
[Round "2.6"]
[White "Liedtke, Dirk"]
[Black "Haves, Reinhard"]
[Result "1-0"]
[WhiteElo "2126"]
[BlackElo "2113"]
[PlyCount "101"]
[EventDate "2015.??.??"]
[WhiteTeam "Ratinger SK 1"]
[BlackTeam "SF Neuenkirchen 1"]

1. c4 g6 2. Nc3 Bg7 3. g3 d6 4. Bg2 Nc6 5. Rb1 Bf5 6. d3 Qc8 7. Nd5 Bd7 8. Bd2
e6 9. Bc3 Kf8 10. Ne3 Nd4 11. Nf1 Bc6 12. f3 Nf5 13. Qd2 Qd8 14. e4 Nd4 15. Qf2
e5 16. Ne3 Bd7 17. Ne2 Ne7 18. O-O Nxe2+ 19. Qxe2 Nc6 20. Qf2 Be6 21. f4 exf4
22. gxf4 f5 23. exf5 gxf5 24. Kh1 Rg8 25. Nd5 Rb8 26. Rfe1 Bf7 27. Qe3 Qd7 28.
Qh3 Bg6 29. Nf6 Bxf6 30. Bxf6 Kf7 31. Bg5 h5 32. Bd5+ Kg7 33. Be6 Qe8 34. Bxf5
Bxf5 35. Qxf5 Qg6 36. Qd7+ Kh8 37. Re6 Rg7 38. Rxg6 Rxd7 39. Rg1 Rf8 40. Rh6+
Kg7 41. Rxh5 Kg6 42. Rh3 Kf5 43. Re3 Rh7 44. Kg2 Nd4 45. h4 Ne6 46. Kg3 Ng7 47.
Rge1 Rhh8 48. Re7 Nh5+ 49. Kf3 Nf6 50. R1e6 Nd7 51. d4 1-0

[Event "Ratinger SK 1 - SF Neuenkirchen 1"]
[Site "NRW-Klasse, Gruppe 2 2015/201"]
[Date "2015.10.25"]
[Round "2.7"]
[White "Beckmann, Klaus"]
[Black "Gatterer, Matthias"]
[Result "1/2-1/2"]
[WhiteElo "2069"]
[BlackElo "2050"]
[PlyCount "26"]
[EventDate "2015.??.??"]
[WhiteTeam "SF Neuenkirchen 1"]
[BlackTeam "Ratinger SK 1"]

1. e4 e6 2. d4 d5 3. Nd2 c5 4. Ngf3 cxd4 5. Bb5+ Bd7 6. Bxd7+ Qxd7 7. Nxd4 Be7
8. O-O dxe4 9. Nxe4 Nf6 10. Nxf6+ Bxf6 11. Be3 O-O 12. c3 Rd8 13. Qf3 Qd5
1/2-1/2

[Event "Ratinger SK 1 - SF Neuenkirchen 1"]
[Site "NRW-Klasse, Gruppe 2 2015/201"]
[Date "2015.10.25"]
[Round "2.8"]
[White "Klengel, Michael"]
[Black "Scho, Christian"]
[Result "1/2-1/2"]
[WhiteElo "2111"]
[BlackElo "2058"]
[Annotator "Hausrath,Daniel"]
[PlyCount "101"]
[EventDate "2015.??.??"]
[WhiteTeam "Ratinger SK 1"]
[BlackTeam "SF Neuenkirchen 1"]

1. Nf3 d5 2. g3 c6 3. Bg2 Bg4 4. c4 e6 5. O-O Nd7 6. d3 Ngf6 7. cxd5 exd5 8.
Nc3 Bc5 9. Qb3 Qb6 10. Qc2 Bd6 11. Be3 Qc7 12. Rac1 Qb8 13. d4 O-O 14. Nh4 Re8
15. Nf5 Bc7 16. Rfe1 Qd8 17. Nh4 Nb6 $11 18. b3 Nc8 19. Bg5 Ba5 20. a3 Nd6 21.
b4 Bb6 22. Rcd1 h6 23. Bc1 a5 24. h3 Bd7 25. Na4 Bc7 26. Nc5 Bc8 27. Bf4 axb4
28. axb4 Nb5 29. Bxc7 Qxc7 30. e3 Bd7 31. Ra1 Rec8 32. Nxd7 Qxd7 33. Nf3 Nd6
34. Ne5 Qd8 35. Kh2 Nfe4 36. Bxe4 Nxe4 37. Kg2 Qe7 38. Nd3 h5 39. Nc5 h4 40.
Nxe4 dxe4 41. Qc5 Qf6 42. Qh5 hxg3 43. fxg3 Qe6 44. Qe2 Qd5 45. Qc2 Re8 46.
Rec1 g6 47. Qc3 Qb5 48. Qd2 Qd5 49. Ra5 Rxa5 50. bxa5 Qh5 51. g4 1/2-1/2

[Event "Oberhausener SV 1 - SV Letmathe 1"]
[Site "Oberliga NRW 2015/2016"]
[Date "2015.11.22"]
[Round "3.1"]
[White "Podzielny, Karl-Heinz"]
[Black "Becker, Marcel"]
[Result "0-1"]
[WhiteElo "2320"]
[BlackElo "2321"]
[PlyCount "58"]
[EventDate "2015.??.??"]
[WhiteTeam "SV Letmathe 1"]
[BlackTeam "Oberhausener SV 1"]

1. c4 c6 2. Nf3 d5 3. b3 Bg4 4. e3 e6 5. Bb2 Nd7 6. Nc3 Ngf6 7. h3 Bh5 8. Be2
Bd6 9. g4 Bg6 10. h4 h5 11. g5 Ne4 12. cxd5 exd5 13. d3 Nec5 14. Qc2 Ne6 15.
Nb1 Qe7 16. Nbd2 Ba3 17. Rc1 O-O-O 18. Bxa3 Qxa3 19. Qc3 d4 20. Nc4 Qc5 21.
exd4 Qe7 22. d5 Nf4 23. Ne3 Nb6 24. dxc6 Bxd3 25. Bxd3 Nxd3+ 26. Ke2 Nd5 27.
cxb7+ Kb8 28. Qc4 N5f4+ 29. Kf1 Qxb7 0-1

[Event "Oberhausener SV 1 - SV Letmathe 1"]
[Site "Oberliga NRW 2015/2016"]
[Date "2015.11.22"]
[Round "3.2"]
[White "Kaufeld, Juergen"]
[Black "Kolosowski, Mateusz"]
[Result "1/2-1/2"]
[WhiteElo "2261"]
[BlackElo "2426"]
[PlyCount "116"]
[EventDate "2015.??.??"]
[WhiteTeam "Oberhausener SV 1"]
[BlackTeam "SV Letmathe 1"]

1. d4 Nf6 2. c4 g6 3. g3 c6 4. Nf3 d5 5. Nbd2 Bg7 6. Bg2 O-O 7. O-O Bf5 8. b3
Qa5 9. Bb2 Nbd7 10. Nh4 Be6 11. Qc2 Rfd8 12. a3 dxc4 13. bxc4 Rac8 14. e4 b5
15. Bc3 Qa6 16. c5 Ne8 17. f4 Qa4 18. Qb2 Bc4 19. Rfc1 Nc7 20. Bf3 Bd3 21. Bd1
Qa6 22. Bb3 Nf6 23. Re1 Bc4 24. Nhf3 Bxb3 25. Qxb3 Nd7 26. Ng5 e6 27. h4 b4 28.
axb4 Qd3 29. Ngf3 Nb5 30. Bb2 Qxb3 31. Nxb3 Rb8 32. Na5 Rbc8 33. Nc4 Nf6 34.
Ra6 Nh5 35. Nce5 Nxg3 36. Nxc6 Re8 37. Nxa7 Ra8 38. Rea1 Nxa7 39. Rxa7 Rab8 40.
R1a4 Nxe4 41. Ng5 Nxc5 42. dxc5 Bxb2 43. Nxf7 Rf8 44. Nh6+ Kh8 45. Rd7 Bg7 46.
Nf7+ Kg8 47. Ng5 Bc3 48. Nxe6 Rfc8 49. Raa7 Rxb4 50. c6 Re4 51. c7 Rxe6 52.
Rd8+ Re8 53. Rxe8+ Rxe8 54. Rb7 Ba5 55. Rb8 Bxc7 56. Rxe8+ Kf7 57. Re4 Bd8 58.
Kg2 Bxh4 1/2-1/2

[Event "Oberhausener SV 1 - SV Letmathe 1"]
[Site "Oberliga NRW 2015/2016"]
[Date "2015.11.22"]
[Round "3.3"]
[White "Adamski, Jan"]
[Black "Litwak, Aleksej"]
[Result "1-0"]
[WhiteElo "2267"]
[BlackElo "2270"]
[PlyCount "109"]
[EventDate "2015.??.??"]
[WhiteTeam "SV Letmathe 1"]
[BlackTeam "Oberhausener SV 1"]

1. Nf3 Nf6 2. c4 e6 3. g3 d5 4. Bg2 Be7 5. d4 O-O 6. Qc2 c6 7. O-O Nbd7 8. b3
b6 9. Rd1 Bb7 10. Nc3 Rc8 11. e4 c5 12. exd5 exd5 13. Bb2 Re8 14. Nxd5 Nxd5 15.
cxd5 Bxd5 16. dxc5 Rxc5 17. Qd2 Qa8 18. b4 Bxf3 19. Bxf3 Qxf3 20. bxc5 Bxc5 21.
Re1 Rc8 22. Bd4 h5 23. Bxc5 Nxc5 24. Re3 Qf5 25. Rae1 Ne6 26. Re5 Qf6 27. h4 g6
28. Kg2 Rc4 29. R1e4 Rc8 30. Rd5 Nc5 31. Re1 Qc6 32. Kg1 Ne6 33. Rd7 Rc7 34.
Rxc7 Qxc7 35. Rc1 Nc5 36. Qd5 Qe7 37. Rd1 Kg7 38. Qd4+ Qf6 39. f3 Qxd4+ 40.
Rxd4 Kf6 41. Kf2 Ke6 42. Ke3 Nd7 43. Rd2 a5 44. Kd4 Kd6 45. Rb2 Kc6 46. g4 b5
47. gxh5 gxh5 48. Rg2 f6 49. Rg6 b4 50. Rh6 a4 51. Rxh5 b3 52. axb3 axb3 53.
Kc3 Ne5 54. Rxe5 fxe5 55. h5 1-0

[Event "Oberhausener SV 1 - SV Letmathe 1"]
[Site "Oberliga NRW 2015/2016"]
[Date "2015.11.22"]
[Round "3.4"]
[White "Kummerow, Heiko"]
[Black "Soukup, Jiri"]
[Result "1/2-1/2"]
[WhiteElo "2217"]
[BlackElo "2308"]
[PlyCount "84"]
[EventDate "2015.??.??"]
[WhiteTeam "Oberhausener SV 1"]
[BlackTeam "SV Letmathe 1"]

1. e4 c5 2. Nf3 e6 3. c3 d5 4. exd5 exd5 5. d4 Nf6 6. Bb5+ Bd7 7. Bxd7+ Nbxd7
8. O-O Be7 9. Qb3 b6 10. Bf4 O-O 11. Ne5 Nxe5 12. Bxe5 Ne4 13. f3 c4 14. Qc2
Ng5 15. Nd2 f6 16. Bg3 Qd7 17. Rfe1 Rfe8 18. Nf1 g6 19. Re2 Kf7 20. Rae1 Bf8
21. h4 Ne6 22. h5 Bh6 23. Nh2 Bf4 24. hxg6+ hxg6 25. Rxe6 Rxe6 26. Rxe6 Bxg3
27. Re2 Rh8 28. Nf1 Bc7 29. Qd2 g5 30. Qe1 Qd6 31. Qb1 Qf4 32. b3 g4 33. fxg4
Qxg4 34. Re3 Bf4 35. Rf3 Rg8 36. Rf2 Rh8 37. Rf3 cxb3 38. Qxb3 Rh5 39. Qa4 a5
40. Qc6 Rg5 41. Rf2 Rf5 42. Qd7+ Kg6 1/2-1/2

[Event "Oberhausener SV 1 - SV Letmathe 1"]
[Site "Oberliga NRW 2015/2016"]
[Date "2015.11.22"]
[Round "3.5"]
[White "Gruermann, Martin"]
[Black "Soehnchen, Andreas"]
[Result "1-0"]
[WhiteElo "2128"]
[BlackElo "2146"]
[PlyCount "47"]
[EventDate "2015.??.??"]
[WhiteTeam "SV Letmathe 1"]
[BlackTeam "Oberhausener SV 1"]

1. e4 c6 2. Nf3 d5 3. Nc3 Nf6 4. e5 Ne4 5. Be2 Nxc3 6. bxc3 Bg4 7. Rb1 Qc7 8.
d4 e6 9. O-O Nd7 10. Bg5 h6 11. Bh4 b5 12. Nd2 Bxe2 13. Qxe2 Nb6 14. f4 g6 15.
g4 h5 16. Bf6 Rh7 17. f5 gxf5 18. gxf5 Be7 19. fxe6 fxe6 20. Nf3 O-O-O 21. Kh1
Rg8 22. Rg1 Rf8 23. Ng5 Bxf6 24. Nxe6 1-0

[Event "Oberhausener SV 1 - SV Letmathe 1"]
[Site "Oberliga NRW 2015/2016"]
[Date "2015.11.22"]
[Round "3.6"]
[White "Ciornei, Dragos"]
[Black "Haude, Ruediger"]
[Result "1-0"]
[WhiteElo "2133"]
[BlackElo "2035"]
[PlyCount "83"]
[EventDate "2015.??.??"]
[WhiteTeam "Oberhausener SV 1"]
[BlackTeam "SV Letmathe 1"]

1. e4 c5 2. Nf3 e6 3. d4 cxd4 4. Nxd4 a6 5. Nc3 Nc6 6. g3 d6 7. Bg2 Nxd4 8.
Qxd4 Ne7 9. O-O Nc6 10. Qd1 Be7 11. Be3 Qc7 12. Qe2 O-O 13. Rad1 b5 14. a3 Rb8
15. f4 b4 16. axb4 Rxb4 17. b3 Bf6 18. Na4 Bd4 19. Qf2 e5 20. f5 a5 21. Bxd4
Rxd4 22. c3 Rxd1 23. Rxd1 Ba6 24. Qb6 Qxb6+ 25. Nxb6 Rd8 26. Bf1 Bxf1 27. Kxf1
Kf8 28. Nc4 Ke7 29. Rd5 g6 30. g4 h5 31. h3 hxg4 32. hxg4 gxf5 33. gxf5 Rd7 34.
Nxa5 Nd8 35. Ke2 Rc7 36. Kd3 f6 37. b4 Kd7 38. Rb5 Nf7 39. Rb8 d5 40. exd5 Nd6
41. c4 Nxf5 42. c5 1-0

[Event "Oberhausener SV 1 - SV Letmathe 1"]
[Site "Oberliga NRW 2015/2016"]
[Date "2015.11.22"]
[Round "3.7"]
[White "Pfleger, Sascha"]
[Black "Nissen, Claus"]
[Result "0-1"]
[WhiteElo "1985"]
[BlackElo "2087"]
[PlyCount "58"]
[EventDate "2015.??.??"]
[WhiteTeam "SV Letmathe 1"]
[BlackTeam "Oberhausener SV 1"]

1. d4 Nf6 2. c4 g6 3. Nc3 d5 4. cxd5 Nxd5 5. e4 Nxc3 6. bxc3 Bg7 7. Bc4 c5 8.
Ne2 O-O 9. Be3 Nc6 10. O-O Qc7 11. Rc1 Rd8 12. Bf4 e5 13. Bg5 Rd6 14. Bd5 Be6
15. dxc5 Rd7 16. c4 Qa5 17. Be3 Bf8 18. Qe1 Qa3 19. Rb1 Rc8 20. Nc3 a6 21. Rb3
Qa5 22. f4 Nd4 23. Bxd4 exd4 24. f5 Bxf5 25. exf5 dxc3 26. fxg6 hxg6 27. Kh1
Qxc5 28. Qb1 Rxd5 29. cxd5 c2 0-1

[Event "SV Würselen 1 - Klub Kölner SF 1"]
[Site "Oberliga NRW 2015/2016"]
[Date "2015.11.22"]
[Round "3.1"]
[White "Seul, Georg"]
[Black "Chatalbashev, Boris"]
[Result "1/2-1/2"]
[WhiteElo "2350"]
[BlackElo "2550"]
[PlyCount "76"]
[EventDate "2015.??.??"]
[WhiteTeam "Klub Kölner SF 1"]
[BlackTeam "SV Würselen 1"]

1. e4 c5 2. Nf3 Nc6 3. Bb5 g6 4. Bxc6 dxc6 5. d3 Bg7 6. h3 b6 7. Nc3 e5 8. O-O
Ne7 9. Nh2 h6 10. f4 exf4 11. Bxf4 g5 12. Bg3 O-O 13. h4 Ng6 14. hxg5 Qxg5 15.
Qe1 f5 16. Nf3 Qh5 17. Bd6 Rf7 18. e5 Be6 19. Qf2 Re8 20. Rfe1 f4 21. Re2 Bg4
22. Rae1 Re6 23. Ne4 Kh7 24. Ned2 Ne7 25. Bxe7 Rfxe7 26. Re4 Rf7 27. Nh2 Bf5
28. R4e2 Rg6 29. Nhf3 Be6 30. b3 Rg4 31. Ne4 Qg6 32. Nh4 Qh5 33. Nf3 Rg6 34.
Ned2 Qg4 35. Rf1 Rc7 36. Rfe1 Bf7 37. Kf1 Be6 38. Qh4 Qxh4 1/2-1/2

[Event "SV Würselen 1 - Klub Kölner SF 1"]
[Site "Oberliga NRW 2015/2016"]
[Date "2015.11.22"]
[Round "3.2"]
[White "Docx, Stefan"]
[Black "Strohhaeker, Raoul"]
[Result "1-0"]
[WhiteElo "2419"]
[BlackElo "2367"]
[PlyCount "51"]
[EventDate "2015.??.??"]
[WhiteTeam "SV Würselen 1"]
[BlackTeam "Klub Kölner SF 1"]

1. c4 Nf6 2. Nc3 c5 3. g3 d5 4. cxd5 Nxd5 5. Bg2 Nc7 6. Qa4+ Bd7 7. Qb3 Nc6 8.
Qxb7 Nd4 9. Qe4 f6 10. Qb1 Rb8 11. e3 Nc6 12. Nge2 e5 13. O-O Be7 14. d4 cxd4
15. exd4 Nxd4 16. Rd1 Bc5 17. Nxd4 Bxd4 18. Ne2 Ne6 19. Bd5 Ba4 20. Bxe6 Bxd1
21. Nxd4 Qxd4 22. Be3 Qd6 23. Qf5 Ba4 24. Qg4 Ke7 25. Rc1 Qxe6 26. Qxg7+ 1-0

[Event "SV Würselen 1 - Klub Kölner SF 1"]
[Site "Oberliga NRW 2015/2016"]
[Date "2015.11.22"]
[Round "3.3"]
[White "Morawietz, Dieter"]
[Black "Cekro, Ekrem"]
[Result "0-1"]
[WhiteElo "2369"]
[BlackElo "2376"]
[PlyCount "56"]
[EventDate "2015.??.??"]
[WhiteTeam "Klub Kölner SF 1"]
[BlackTeam "SV Würselen 1"]

1. e4 g6 2. d4 c6 3. Bd3 Bg7 4. Nf3 d6 5. O-O Bg4 6. c3 Nd7 7. Nbd2 e5 8. h3
Bxf3 9. Nxf3 Ngf6 10. a4 O-O 11. a5 d5 12. a6 dxe4 13. axb7 Rb8 14. dxe5 exf3
15. exf6 Bxf6 16. Be4 fxg2 17. Bxg2 Rxb7 18. Bxc6 Rc7 19. Bg2 Qb8 20. Ra5 Rc5
21. Ra6 Nb6 22. Qb3 Rf5 23. Qa2 Bg5 24. Bxg5 Rxg5 25. Rxa7 Nc4 26. Kh1 Nd2 27.
Rd1 Qf4 28. b4 Rxg2 0-1

[Event "SV Würselen 1 - Klub Kölner SF 1"]
[Site "Oberliga NRW 2015/2016"]
[Date "2015.11.22"]
[Round "3.4"]
[White "Beukema, Stefan"]
[Black "Helbig, Mark"]
[Result "1/2-1/2"]
[WhiteElo "2326"]
[BlackElo "2268"]
[PlyCount "119"]
[EventDate "2015.??.??"]
[WhiteTeam "SV Würselen 1"]
[BlackTeam "Klub Kölner SF 1"]

1. f4 g6 2. Nf3 Bg7 3. g3 c5 4. Bg2 Nc6 5. O-O d5 6. d3 e6 7. c3 Nge7 8. e4 b6
9. e5 Nf5 10. c4 Bb7 11. g4 Nfd4 12. Nxd4 Nxd4 13. Be3 Qd7 14. Bxd4 cxd4 15.
Nd2 h5 16. g5 dxc4 17. Bxb7 Qxb7 18. Ne4 Rd8 19. Qf3 Qe7 20. dxc4 O-O 21. Rad1
Rd7 22. Rd3 Qb4 23. b3 Rfd8 24. Rfd1 a5 25. Qf2 Bf8 26. Nf6+ Kg7 27. Nxd7 Rxd7
28. Kg2 Qa3 29. Qc2 Qc5 30. Qe2 Be7 31. Qe4 a4 32. Rxd4 Ra7 33. Rd7 Rxd7 34.
Rxd7 axb3 35. axb3 Qa3 36. Qf3 Bc5 37. Rd2 Qc1 38. Qd1 Qa3 39. Qf3 Qc1 40. Qd1
Qa3 41. Rd3 Qb2+ 42. Kh3 Qf2 43. Qf3 Qc2 44. Rd1 Be3 45. Rf1 Bc5 46. Re1 Qd2
47. Re2 Qd1 48. Rf2 Qb1 49. Rd2 Qf5+ 50. Kg2 Qb1 51. Rd7 Qc2+ 52. Kh1 Qb1+ 53.
Rd1 Qc2 54. Qd3 Qf2 55. Rf1 Qa2 56. h3 h4 57. Qf3 Qc2 58. Qd1 Qe4+ 59. Rf3 Qa8
60. Qe2 1/2-1/2

[Event "SV Würselen 1 - Klub Kölner SF 1"]
[Site "Oberliga NRW 2015/2016"]
[Date "2015.11.22"]
[Round "3.5"]
[White "Ludwig, Peter"]
[Black "Huhndorf, Arnold"]
[Result "1-0"]
[WhiteElo "2184"]
[BlackElo "2220"]
[PlyCount "77"]
[EventDate "2015.??.??"]
[WhiteTeam "Klub Kölner SF 1"]
[BlackTeam "SV Würselen 1"]

1. Nf3 Nf6 2. c4 g6 3. Nc3 Bg7 4. g3 O-O 5. Bg2 Nc6 6. O-O d5 7. cxd5 Nxd5 8.
Nxd5 Qxd5 9. d3 Qb5 10. Rb1 Be6 11. b3 a5 12. Bb2 Bxb2 13. Rxb2 a4 14. Qd2 axb3
15. axb3 Ra3 16. b4 Rfa8 17. Ng5 Nd8 18. Rc1 Ra1 19. h4 c6 20. Kh2 Rxc1 21.
Qxc1 Bd5 22. e4 Be6 23. d4 Qc4 24. Qe3 Ra1 25. d5 Bd7 26. Qb6 Ra8 27. Qc7 Bg4
28. Qxe7 h6 29. Nh3 Qc3 30. Rb1 Bf3 31. Nf4 Bxg2 32. Kxg2 cxd5 33. exd5 b5 34.
Re1 Kg7 35. Re3 Qf6 36. Qd7 Rb8 37. Re8 Kh7 38. d6 Ra8 39. Qe7 1-0

[Event "SV Würselen 1 - Klub Kölner SF 1"]
[Site "Oberliga NRW 2015/2016"]
[Date "2015.11.22"]
[Round "3.6"]
[White "Weimann, Maximilian"]
[Black "Bonnmann, Reinhard"]
[Result "0-1"]
[WhiteElo "2197"]
[BlackElo "2237"]
[PlyCount "130"]
[EventDate "2015.??.??"]
[WhiteTeam "SV Würselen 1"]
[BlackTeam "Klub Kölner SF 1"]

1. e4 c5 2. Nf3 Nc6 3. Bb5 g6 4. O-O Bg7 5. Re1 Nf6 6. c3 O-O 7. e5 Nd5 8. d4
Nc7 9. Bf1 d6 10. Nbd2 cxd4 11. cxd4 dxe5 12. dxe5 Ne6 13. Nc4 b6 14. Bd2 Bb7
15. Bc3 b5 16. Na5 Nxa5 17. Qxd8 Nxd8 18. Bxa5 Bxf3 19. Bxd8 Rfxd8 20. gxf3 Rd5
21. f4 Rad8 22. Rac1 e6 23. Rc7 a5 24. Ra7 b4 25. Kg2 Rd4 26. Rxa5 Rxf4 27. Re3
Rf5 28. Rb5 Rd2 29. Rf3 Rxf3 30. Kxf3 Rxb2 31. Bc4 Bf8 32. Bb3 Rd2 33. Rb8 Rd7
34. Rc8 Kg7 35. Ke3 Be7 36. Kf3 g5 37. h3 h5 38. Kg3 Bd8 39. Rc6 Be7 40. Kf3
Rd3+ 41. Kg2 Rd7 42. Kf3 Kh6 43. Rc8 Rd4 44. Rc4 Rd3+ 45. Kg2 Kg7 46. Rc7 Kf8
47. Rc8+ Bd8 48. Rb8 Rd4 49. Kg3 Kg7 50. Rb7 h4+ 51. Kg2 Kf8 52. Kf3 g4+ 53.
hxg4 Bg5 54. Rc7 Rd3+ 55. Kg2 h3+ 56. Kg1 Bf4 57. Rc4 h2+ 58. Kg2 Rh3 59. Kh1
Rf3 60. Rc2 Bxe5 61. Re2 Bd6 62. Kg2 Rf4 63. f3 Rxf3 64. Re1 Rg3+ 65. Kf2 Rg1
0-1